Tình hình nhiểm và sự nhạy cảm đối với kháng sinh của vi khuẩn Salmonella spp. trên heo tiêu chảy từ 1-3 tháng tuổi tại tỉnh Trà Vinh : (Chuyên ngành thú y)

Nội dung đề tài xác định tình hình nhiễm vi khuẩn Salmonella spp trên heo từ 1-3 tuổi có triệu chứng tiêu chảy, xác định sự nhạy cảm đối với kháng sinh của vi khuẩn Salmonella.

Enregistré dans:
Détails bibliographiques
Auteur principal: Nguyễn, Thị Đấu
Format: Livre
Langue:Undetermined
Publié: Cần Thơ Trường Đại học Cần Thơ 2007
Sujets:
Tags: Ajouter un tag
Pas de tags, Soyez le premier à ajouter un tag!
Thư viện lưu trữ: Trung tâm Học liệu Trường Đại học Cần Thơ
LEADER 01149nam a2200229Ia 4500
001 CTU_135875
008 210402s9999 xx 000 0 und d
082 |a 636.4089 
082 |b Đ125 
088 |a 60640101 
100 |a Nguyễn, Thị Đấu 
245 0 |a Tình hình nhiểm và sự nhạy cảm đối với kháng sinh của vi khuẩn Salmonella spp. trên heo tiêu chảy từ 1-3 tháng tuổi tại tỉnh Trà Vinh : 
245 0 |b (Chuyên ngành thú y) 
245 0 |c Nguyễn Thị Đấu ; NGuyễn Văn Khanh giáo viên hướng dẫn 
260 |a Cần Thơ 
260 |b Trường Đại học Cần Thơ 
260 |c 2007 
520 |a Nội dung đề tài xác định tình hình nhiễm vi khuẩn Salmonella spp trên heo từ 1-3 tuổi có triệu chứng tiêu chảy, xác định sự nhạy cảm đối với kháng sinh của vi khuẩn Salmonella. 
650 |a Swine,Veterinary medicine,Heo,Thú y 
650 |x Diseases,Bệnh 
904 |i Tuyến 
980 |a Trung tâm Học liệu Trường Đại học Cần Thơ